000 00486nam a2200169Ia 4500
005 20260330110349.0
008 260330s9999||||xx |||||||||||||| ||und||
020 _a9582001102
041 _aspa
100 _aInstituto Distrital De Cultura Y Turismo.
245 0 _aArte E Investigación /
_cInstituto Distrital De Cultura Y Turismo.
250 _a1 ed.
260 _aBogotá :
_bUniversidad Distrital Francisco José De Caldas.
300 _a102 p.
650 _aDIBUJO
942 _cBK
999 _c942
_d942